000 00611cam a2200205 4500
001 WB3616-79
008 000000n2000 000 0 eng u
035 _a(Sirsi) u105548
245 _aSubsidised taxis for shoppers considered
260 _c2000
490 _aFinancial Times
_v24 April 2000, 1(1)
520 _aGovernment plans for tackling traffic congestion include subsidising cut-price taxis for supermarket shoppers.
590 _aWB
650 _aTRAFFIC CONGESTION
650 _aTAXIS
650 _aINTERNET
650 _aDELIVERIES
690 _aTRANSPORT AND COMMUNICATIONS
942 _n0
999 _c63240
_d63240